Online Catalogue and eLibrary

Bertrand Russell : (Record no. 3416)

MARC details
000 -LEADER
fixed length control field 00392nam a2200157Ia 4500
005 - DATE AND TIME OF LATEST TRANSACTION
control field 20250122005519.0
008 - FIXED-LENGTH DATA ELEMENTS--GENERAL INFORMATION
fixed length control field 240331s9999 xx 000 0 und d
020 ## - INTERNATIONAL STANDARD BOOK NUMBER
ISBN 0415078326
082 ## - DDC Classification
Item Number - Author Mark RUS
Class No. 920
100 ## - MAIN ENTRY--PERSONAL NAME
Personal name Russell, B
245 #0 - TITLE STATEMENT
Title Bertrand Russell :
Remainder of title autobiography
260 ## - PUBLICATION, DISTRIBUTION, ETC.
Place of publication, distribution, etc. London And New York
Name of publisher, distributor, etc. Routledge
Date of publication, distribution, etc. 1978
300 ## - PHYSICAL DESCRIPTION
Extent (e.g. Volumes, Pages etc.) 750 p .,
500 ## - GENERAL NOTE
General note Autobiography
942 ## - Koha item type (Biblio)
Koha item type Books in Stacks (Lending)
Holdings
Lost status Damaged status Collection code Home library Current library Shelving location Date acquired Full call number Accession Number Item type
    Lending WERC Library WERC Library Social Science Cupboard 03/31/2024 920 RUS 2959 Books in Stacks (Lending)

© WERC Library